Bar dy Geet / (Record no. 524785)

000 -LEADER
fixed length control field 00537nam a22001817a 4500
003 - CONTROL NUMBER IDENTIFIER
control field NUST
038 ## - RECORD CONTENT LICENSOR
Staff Name Faiza
082 ## - DEWEY DECIMAL CLASSIFICATION NUMBER
Classification number 891.421
Author Mark SOF
100 ## - MAIN ENTRY--PERSONAL NAME
Personal name Sofi, Mushtaq
9 (RLIN) 15576
245 ## - TITLE STATEMENT
Title Bar dy Geet /
Statement of responsibility, etc. Mushtaq Sofi
260 ## - PUBLICATION, DISTRIBUTION, ETC.
Place of publication, distribution, etc. Lahore :
Name of publisher, distributor, etc. Pakistan Punjabi adabi Board,
Date of publication, distribution, etc. 1984.
300 ## - PHYSICAL DESCRIPTION
Extent 199 p. ;
500 ## - GENERAL NOTE
General note paper cover.
880 ## - ALTERNATE GRAPHIC REPRESENTATION
Linkage 100-01\r
Title مشتاق صوفی
880 ## - ALTERNATE GRAPHIC REPRESENTATION
Linkage 245-02\r
Title باردے گیت /
880 ## - ALTERNATE GRAPHIC REPRESENTATION
Linkage 260-03\r
Title لاہور :
b پاکستان پنجابی ادبی بورڈ,
c ۱۹۸۴.
942 ## - ADDED ENTRY ELEMENTS (KOHA)
Source of classification or shelving scheme
Koha item type Book
Holdings
Withdrawn status Lost status Source of classification or shelving scheme Damaged status Not for loan Permanent Location Current Location Date acquired Total Checkouts Full call number Barcode Date last seen Price effective from Koha item type
          Central Library (CL) Central Library (CL) 06/25/2019   891.421 SOF CL-E-224 06/25/2019 06/25/2019 Book
© 2023 Central Library, National University of Sciences and Technology. All Rights Reserved.